| 000 | 00641nam a2200241Ia 4500 | ||
|---|---|---|---|
| 003 | OSt | ||
| 005 | 20220918193319.0 | ||
| 006 | a|||||r|||| 00| 0 | ||
| 007 | ta | ||
| 008 | 220917b |||||||| |||| 00| 0 eng d | ||
| 024 | _a72,598 | ||
| 037 | _cTextual | ||
| 040 |
_aARTS _cARTS _beng |
||
| 041 |
_2eng _aeng |
||
| 082 | _aR5v5:N5, K4 | ||
| 100 |
_aVenturi Lionello _94913 |
||
| 245 | 0 | _aHistory of art criticism tr from the Italian by Charles Marriott | |
| 260 | _c1964 | ||
| 490 | _aDutton paperbacks; 123 | ||
| 650 | _aAESTHETICS | ||
| 942 |
_hR5v5:N5, K4 _cTEXL _2CC |
||
| 999 |
_c198586 _d198586 |
||